|
|
|
|
| LEADER |
01376nam a2200385Ia 4500 |
| 001 |
EBC3007554 |
| 003 |
MiAaPQ |
| 005 |
20200520144314.0 |
| 006 |
m o d | |
| 007 |
cr cn||||||||| |
| 008 |
000913s2000 ncu s 000 0 eng d |
| 010 |
|
|
|z 2001276140
|
| 020 |
|
|
|z 1882197593
|
| 035 |
|
|
|a (MiAaPQ)EBC3007554
|
| 035 |
|
|
|a (Au-PeEL)EBL3007554
|
| 035 |
|
|
|a (CaPaEBR)ebr10185366
|
| 035 |
|
|
|a (CaONFJC)MIL100115
|
| 035 |
|
|
|a (OCoLC)216947258
|
| 040 |
|
|
|a MiAaPQ
|c MiAaPQ
|d MiAaPQ
|
| 050 |
|
4 |
|a GN345.6
|b .P75 2000
|
| 100 |
1 |
|
|a Prince, Don W.
|
| 245 |
1 |
0 |
|a Communicating across cultures
|h [electronic resource] /
|c Don W. Prince and Michael H. Hoppe.
|
| 260 |
|
|
|a Greensboro, N.C. :
|b Center for Creative Leadership,
|c c2000.
|
| 300 |
|
|
|a 30 p.
|
| 490 |
1 |
|
|a Ideas into action guidebooks
|
| 500 |
|
|
|a "CCL no. 406."
|
| 533 |
|
|
|a Electronic reproduction. Ann Arbor, MI : ProQuest, 2015. Available via World Wide Web. Access may be limited to ProQuest affiliated libraries.
|
| 650 |
|
0 |
|a Intercultural communication.
|
| 650 |
|
0 |
|a Diversity in the workplace.
|
| 655 |
|
4 |
|a Electronic books.
|
| 700 |
1 |
|
|a Hoppe, Michael H.
|
| 710 |
2 |
|
|a Center for Creative Leadership.
|
| 710 |
2 |
|
|a ProQuest (Firm)
|
| 830 |
|
0 |
|a Ideas into action guidebooks.
|
| 856 |
4 |
0 |
|u https://ebookcentral.proquest.com/lib/matrademy/detail.action?docID=3007554
|z Click to View
|